Environmental security (Record no. 12376)
[ view plain ]
| 000 -LEADER | |
|---|---|
| fixed length control field | 02692nam a2200337Ia 4500 |
| 001 - CONTROL NUMBER | |
| control field | 9780203108635 |
| 003 - CONTROL NUMBER IDENTIFIER | |
| control field | BD-DhSAU |
| 005 - DATE AND TIME OF LATEST TRANSACTION | |
| control field | 20151012151718.0 |
| 006 - FIXED-LENGTH DATA ELEMENTS--ADDITIONAL MATERIAL CHARACTERISTICS | |
| fixed length control field | a|||||s||||||||||| |
| 007 - PHYSICAL DESCRIPTION FIXED FIELD--GENERAL INFORMATION | |
| fixed length control field | cr|||| |
| 008 - FIXED-LENGTH DATA ELEMENTS--GENERAL INFORMATION | |
| fixed length control field | 130109s2013 enkabd sb 001 0 eng d |
| 020 ## - INTERNATIONAL STANDARD BOOK NUMBER | |
| International Standard Book Number | 9780203108635 (e-book : PDF) |
| 040 ## - CATALOGING SOURCE | |
| Original cataloging agency | BD-DhSAU |
| Transcribing agency | BD-DhSAU |
| 043 ## - GEOGRAPHIC AREA CODE | |
| Geographic area code | n-us--- |
| 090 ## - LOCALLY ASSIGNED LC-TYPE CALL NUMBER (OCLC); LOCAL CALL NUMBER (OCLC) | |
| Classification number (OCLC) (R) ; Classification number, CALL (RLIN) (NR) | GE180 |
| Local cutter number (OCLC) ; Book number/undivided call number, CALL (RLIN) | .E58 2013 |
| 092 ## - LOCALLY ASSIGNED DEWEY CALL NUMBER (OCLC) | |
| Classification number | 363.705610973 |
| Item number | E614 |
| 245 00 - TITLE STATEMENT | |
| Title | Environmental security |
| Medium | [electronic resource] : |
| Remainder of title | approaches and issues / |
| Statement of responsibility, etc. | edited by Rita Floyd and Richard A. Matthew. |
| 260 ## - PUBLICATION, DISTRIBUTION, ETC. (IMPRINT) | |
| Place of publication, distribution, etc. | London ; |
| -- | New York : |
| Name of publisher, distributor, etc. | Routledge, |
| Date of publication, distribution, etc. | 2013. |
| 300 ## - PHYSICAL DESCRIPTION | |
| Extent | xviii, 302 p. : |
| Other physical details | ill., maps. |
| 504 ## - BIBLIOGRAPHY, ETC. NOTE | |
| Bibliography, etc | Includes bibliographical references and index. |
| 505 0# - FORMATTED CONTENTS NOTE | |
| Formatted contents note | ch. 1. Analyst, theory and security : a new framework for understanding environmental security studies / Rita Floyd -- ch. 2. The evolution of qualitative environment-conflict research : moving towards consensus / Tom Deligiannis -- ch. 3. Environmental security and the resource curse / Indra de Soysa -- ch. 4. A political ecology of environmental security / Michael Watts -- ch. 5. From conflict to cooperation? : environmental cooperation as a tool for peace-building / Achim Maas and Alexander Carius with Anja Wittich -- ch. 6. Environmental dimensions of human security / Simon Dalby -- ch. 7. Ecological security : a conceptual framework / Dennis C. Pirages -- ch. 8. Gender and environmental security / Nicole Detraz -- ch. 9. Understanding water security / Patrick MacQuarrie and Aaron T. Wolf -- ch. 10. Conservation, science and peace-building in southeastern Europe / Saleem H. Ali and Mary C. Watzin -- ch. 11. Population and national security / Jennifer Sciubba, Carolyn Lamere and Geoffrey D. Dabelko -- ch. 12. Environmental security and sustainable development / Bishnu Raj Upreti -- ch. 13. Ensuring food security : meeting challenges from malnutrition, food safety, and global environmental change / Bryan McDonald -- ch. 14. Challenging inequality and injustice : a critical approach to energy security / Adam Simpson -- ch. 15. Climate change and security / Richard A. Matthew -- ch. 16. Whither environmental security studies? : an afterword / Rita Floyd. |
| 530 ## - ADDITIONAL PHYSICAL FORM AVAILABLE NOTE | |
| Additional physical form available note | Also available in print edition. |
| 538 ## - SYSTEM DETAILS NOTE | |
| System details note | Mode of access: World Wide Web. |
| 650 #0 - SUBJECT ADDED ENTRY--TOPICAL TERM | |
| Topical term or geographic name as entry element | Environmental policy |
| Geographic subdivision | United States. |
| 650 #0 - SUBJECT ADDED ENTRY--TOPICAL TERM | |
| Topical term or geographic name as entry element | National security |
| Geographic subdivision | United States. |
| 655 #7 - INDEX TERM--GENRE/FORM | |
| Genre/form data or focus term | Electronic books. |
| Source of term | lcsh |
| 700 1# - ADDED ENTRY--PERSONAL NAME | |
| Personal name | Floyd, Rita, |
| Dates associated with a name | 1977- |
| 700 1# - ADDED ENTRY--PERSONAL NAME | |
| Personal name | Matthew, Richard A., |
| Dates associated with a name | 1965- |
| 776 1# - ADDITIONAL PHYSICAL FORM ENTRY | |
| International Standard Book Number | 9780415538992 (hardback : alk. paper) |
| -- | 9780415539005 (pbk. : alk. paper) |
| 856 40 - ELECTRONIC LOCATION AND ACCESS | |
| Uniform Resource Identifier | <a href="http://www.tandfebooks.com/isbn/9780203108635">http://www.tandfebooks.com/isbn/9780203108635</a> |
No items available.
